Normal view
MARC view
- Barsky, M.
Entry Personal Name
001 - CONTROL NUMBER
- control field: 19050
003 - CONTROL NUMBER IDENTIFIER
- control field: NUST
005 - DATE AND TIME OF LATEST TRANSACTION
- control field: 20190805055156.0
008 - FIXED-LENGTH DATA ELEMENTS
- fixed length control field: 190805|| aca||aabn | a|a d
040 ## - CATALOGING SOURCE
- Original cataloging agency: NUST
- Transcribing agency: NUST
100 ## - HEADING--PERSONAL NAME
- Personal name: Barsky, M.
- Fuller form of name: (Michael),
- Dates associated with a name: 1936-
670 ## - SOURCE DATA FOUND
- Source citation: Work cat.: (NUST)0: Barsky, Eugene, 1974- 19046, CASCADE SEPARATION OF POWDERS /, 20015.
